|
|
|
|
| LEADER |
00000nam0a2200000 4500 |
| 001 |
364352 |
| 005 |
20231102011659.0 |
| 035 |
|
|
|a (RuTPU)RU\TPU\retro\21710
|
| 090 |
|
|
|a 364352
|
| 100 |
|
|
|a 20211112d1981 km y0rusy50 ca
|
| 101 |
0 |
|
|a rus
|
| 102 |
|
|
|a BY
|
| 105 |
|
|
|a a z 001zy
|
| 200 |
1 |
|
|a Структура и функции эритроцитарных мембран
|f Е. А. Черницкий, А. В. Воробей
|
| 210 |
|
|
|a Минск
|c Наука и техника
|d 1981
|
| 215 |
|
|
|a 216 с.
|c ил.
|
| 320 |
|
|
|a Библиогр.: с. 190-213
|
| 606 |
1 |
|
|a Биологические мембраны
|x Физико-химические свойства
|2 stltpush
|3 (RuTPU)RU\TPU\subj\28685
|9 52194
|
| 610 |
1 |
|
|a эритроциты
|
| 610 |
1 |
|
|a эритроцитные мембраны
|
| 610 |
1 |
|
|a состав
|
| 610 |
1 |
|
|a структура
|
| 610 |
1 |
|
|a белки
|
| 610 |
1 |
|
|a липиды
|
| 610 |
1 |
|
|a структурные перестройки
|
| 610 |
1 |
|
|a деформируемость
|
| 610 |
1 |
|
|a барьерные функции
|
| 610 |
1 |
|
|a рецепторы
|
| 675 |
|
|
|a 577.35
|v 4
|
| 700 |
|
1 |
|a Черницкий
|b Е. А.
|g Евгений Александрович
|
| 701 |
|
1 |
|a Воробей
|b А. В.
|g Александр Васильевич
|
| 801 |
|
1 |
|a RU
|b 63413507
|c 20211112
|
| 942 |
|
|
|c BK
|